[Event "TUR-chT 2nd League"]
[Site "Denizli"]
[Date "2024.07.19"]
[Round "6.1"]
[White "Gulbeyaz, Emir"]
[Black "Demircioglu, Emre"]
[Result "0-1"]
[WhiteElo "2225"]
[BlackElo "2232"]
[PlyCount "128"]
[EventDate "2024.07.15"]
[EventType "team-swiss"]
[EventRounds "9"]
[EventCountry "TUR"]
[SourceTitle "EXT 2025"]
[Source "ChessBase"]
[SourceDate "2024.10.14"]
[SourceVersion "1"]
[SourceVersionDate "2024.10.14"]
[SourceQuality "1"]
[WhiteTeam "Goztepe"]
[BlackTeam "Moda"]
[WhiteTeamCountry "TUR"]
[BlackTeamCountry "TUR"]

1. d4 d5 2. Nf3 Nf6 3. Bf4 c5 4. e3 e6 5. Nbd2 Bd6 6. Bg3 Qc7 7. dxc5 Qxc5 8. Bd3 Bxg3 9. hxg3 Nc6 10. c4 d4 11. exd4 Nxd4 12. Kf1 Nc6 13. a3 a5 14. Qe2 h6 15. g4 Nxg4 16. Ne4 Qe7 17. c5 0-0 18. Nd6 f5 19. Bc4 Kh7 20. Qd2 Nce5 21. Ng5+ Kg6 22. Nf3 Nxc4 23. Nxc4 Qxc5 24. Rc1 Kh7 25. Nd6 Qb6 26. Nc4 Qd8 27. Qxd8 Rxd8 28. Nb6 Rb8 29. Rc7 Kg8 30. Ke2 e5 31. Rc5 Be6 32. Nxe5 Nxe5 33. Rxe5 Rd6 34. Na4 Bc4+ 35. Kf3 Rd3+ 36. Re3 Bd5+ 37. Kf4 Rxe3 38. fxe3 Bxg2 39. Rd1 Bc6 40. Nc5 Re8 41. Nd3 Be4 42. Nc5 g5+ 43. Kg3 Bc6 44. Kf2 a4 45. Rd6 Re5 46. b4 axb3 47. Nxb3 Kg7 48. Nd4 Be4 49. Ne6+ Kf7 50. Nd4 h5 51. Rd7+ Re7 52. Rd8 h4 53. Nb5 g4 54. Nd6+ Kg7 55. Nxe4 fxe4 56. Rd6 Rf7+ 57. Kg2 Rf3 58. Rd7+ Kg6 59. Rd6+ Kg5 60. Rd5+ Rf5 61. Rd7 h3+ 62. Kg3 Rf3+ 63. Kh2 Rf2+ 64. Kg1 g3 0-1

[Event "TUR-chT"]
[Site "Ankara"]
[Date "2022.08.19"]
[Round "4.6"]
[White "Soysal, Serkan"]
[Black "Demircioglu, Emre"]
[Result "1-0"]
[WhiteElo "2389"]
[BlackElo "2221"]
[PlyCount "73"]
[EventDate "2022.08.16"]
[EventType "team-tourn"]
[EventRounds "13"]
[EventCountry "TUR"]
[SourceTitle "CBM 209 Extra"]
[Source "ChessBase"]
[SourceDate "2022.09.30"]
[SourceVersion "1"]
[SourceVersionDate "2022.09.30"]
[SourceQuality "1"]
[WhiteTeam "Hatay Buyuksehir"]
[BlackTeam "Tarsus Zeka"]
[WhiteTeamCountry "TUN"]
[BlackTeamCountry "TUR"]

1. d4 Nf6 2. Nf3 e6 3. Bf4 b6 4. e3 Bb7 5. h3 Be7 6. Nbd2 0-0 7. Bd3 c5 8. 0-0 d5 9. c3 Ba6 10. Bxa6 Nxa6 11. Qe2 Nb8 12. e4 Nc6 13. dxc5 bxc5 14. exd5 exd5 15. Qb5 Rc8 16. Rad1 Qb6 17. a4 h6 18. Rfe1 Rfe8 19. Nf1 Bf8 20. Rxe8 Rxe8 21. Ne3 Re4 22. Bg3 Ne7 23. Be5 Qe6 24. Bxf6 gxf6 25. Qxc5 Nf5 26. Qxa7 Nxe3 27. fxe3 Rxe3 28. Qd4 Re2 29. b4 Bg7 30. Qxd5 Qe3+ 31. Kh1 Qxc3 32. b5 Bf8 33. b6 Rb2 34. a5 Bc5 35. Qf5 Rb4 36. b7 Ba7 37. Qc8+ 1-0

[Event "TUR-chT"]
[Site "Ankara"]
[Date "2022.08.16"]
[Round "1.1"]
[White "Demircioglu, Emre"]
[Black "Kilic, Eray"]
[Result "1/2-1/2"]
[WhiteElo "2221"]
[BlackElo "2417"]
[PlyCount "116"]
[EventDate "2022.08.16"]
[EventType "team-tourn"]
[EventRounds "13"]
[EventCountry "TUR"]
[SourceTitle "CBM 209 Extra"]
[Source "ChessBase"]
[SourceDate "2022.09.30"]
[SourceVersion "1"]
[SourceVersionDate "2022.09.30"]
[SourceQuality "1"]
[WhiteTeam "Tarsus Zeka"]
[BlackTeam "Karaman Futbol"]
[WhiteTeamCountry "TUR"]
[BlackTeamCountry "TUN"]

1. d4 Nf6 2. c4 g6 3. Nc3 Bg7 4. e4 d6 5. Be2 0-0 6. Nf3 Bg4 7. Be3 Nfd7 8. Ng1 Bxe2 9. Ngxe2 c5 10. 0-0 cxd4 11. Nxd4 Nc6 12. b3 Nc5 13. Qd2 Qa5 14. f3 Ne6 15. Nde2 Rfc8 16. Rab1 Nc7 17. Rfc1 Qa3 18. Nf4 Nb4 19. Nfd5 Ncxd5 20. Nxd5 Nxd5 21. cxd5 h5 22. Rc2 Rxc2 23. Qxc2 a5 24. Bf2 Be5 25. g3 Qb4 26. Kg2 a4 27. bxa4 Qxa4 28. Qxa4 Rxa4 29. Rxb7 Rxa2 30. Kf1 Bf6 31. h4 Kf8 32. Rb8+ Kg7 33. Rb7 Rc2 34. Kg1 Rd2 35. Kf1 Ra2 36. Kg1 Ra1+ 37. Kg2 Rd1 38. Be3 Rd3 39. Bg5 Ra3 40. Bxf6+ Kxf6 41. Rd7 Ra2+ 42. Kf1 Rd2 43. Kg1 Rb2 44. Kf1 Ra2 45. Kg1 Ra6 46. Kf2 e6 47. dxe6 Kxe6 48. Rb7 Ra3 49. Ke2 Rc3 50. Ra7 Rc5 51. Rb7 Ra5 52. Rc7 f5 53. Ke3 fxe4 54. fxe4 g5 55. hxg5 Rxg5 56. Kf4 Rg4+ 57. Kf3 Rg5 58. Kf4 Rg4+ 1/2-1/2

[Event "TUR-chT"]
[Site "Konya"]
[Date "2019.07.18"]
[Round "2.4"]
[White "Demircioglu, Emre"]
[Black "Yurtseven, Melih"]
[Result "0-1"]
[WhiteElo "2242"]
[BlackElo "2381"]
[PlyCount "176"]
[EventDate "2019.07.17"]
[EventType "team-tourn"]
[EventRounds "13"]
[EventCountry "TUR"]
[SourceTitle "CBM 191 Extra"]
[Source "ChessBase"]
[SourceDate "2019.09.30"]
[SourceVersion "1"]
[SourceVersionDate "2019.09.30"]
[SourceQuality "1"]
[WhiteTeam "Tarsus Zeka"]
[BlackTeam "Deniz su Aquamatch"]
[WhiteTeamCountry "TUR"]
[BlackTeamCountry "TUR"]

1. d4 Nf6 2. c4 e6 3. Nf3 c5 4. e3 g6 5. Nc3 Bg7 6. Be2 0-0 7. 0-0 b6 8. b3 Bb7 9. Bb2 Qe7 10. Qd2 d6 11. Rfd1 Rd8 12. Rac1 Na6 13. a3 Rac8 14. Nb5 Ba8 15. d5 exd5 16. cxd5 Nb8 17. a4 Re8 18. Bc4 h6 19. Qc2 a6 20. Nc3 Bb7 21. Qe2 Qd8 22. h3 Rc7 23. Nh2 Rce7 24. Ng4 Nxg4 25. Qxg4 Nd7 26. Qe2 Qa8 27. Qd2 Nf6 28. Re1 h5 29. Rcd1 h4 30. Qc2 Bc8 31. Bc1 Bf5 32. Bd3 Bxd3 33. Qxd3 Nd7 34. Bb2 Qb7 35. e4 b5 36. axb5 axb5 37. Qc2 f5 38. f3 Nf6 39. Re2 b4 40. Na4 fxe4 41. Bxf6 Bxf6 42. Rxe4 Rxe4 43. fxe4 Kg7 44. Nb2 Bd4+ 45. Kh1 Qe7 46. Re1 Rf8 47. Nc4 Rf2 48. Qc1 Qf6 49. Rg1 Rf4 50. Re1 Rf2 51. Rg1 Rf4 52. Re1 Bc3 53. Rd1 Rxe4 54. Rf1 Qe7 55. Qd1 Bd4 56. Qf3 Re1 57. Kh2 Be5+ 58. Kg1 Bg3 59. Kh1 Rxf1+ 60. Qxf1 Qf6 61. Qd1 Qc3 62. Kg1 Kf6 63. Kf1 Kg7 64. Kg1 Qf6 65. Kh1 Qd4 66. Qxd4+ cxd4 67. Kg1 Kf6 68. Kf1 d3 69. Nb2 d2 70. Ke2 Be5 71. Nc4 Bc3 72. Nxd6 Ke5 73. Nc8 g5 74. d6 Ke6 75. Ne7 Kxd6 76. Nf5+ Ke5 77. Ne3 Kf4 78. Nd5+ Kg3 79. Ne3 Kf4 80. Nc4 Kg3 81. Ne3 Kh2 82. Kf3 Kg1 83. Ke2 Bd4 84. Nf5 Ba7 85. g3 g4 86. Nxh4 gxh3 87. g4 Be3 88. g5 Bxg5 0-1

[Event "TUR-chT"]
[Site "Ankara"]
[Date "2018.08.01"]
[Round "8.6"]
[White "Kerigan, Demre"]
[Black "Demircioglu, Emre"]
[Result "0-1"]
[WhiteElo "2366"]
[BlackElo "2244"]
[PlyCount "76"]
[EventDate "2018.07.25"]
[EventType "team-tourn"]
[EventRounds "13"]
[EventCountry "TUR"]
[SourceTitle "CBM 185 Extra"]
[Source "ChessBase"]
[SourceDate "2018.07.29"]
[SourceVersion "1"]
[SourceVersionDate "2018.07.29"]
[SourceQuality "1"]
[WhiteTeam "Tarsus Zeka"]
[BlackTeam "Tas Duvar"]
[WhiteTeamCountry "TUR"]
[BlackTeamCountry "TUR"]

1. e4 e5 2. Nf3 Nf6 3. Nxe5 d6 4. Nc4 Nxe4 5. d4 Be7 6. Bd3 Nf6 7. 0-0 0-0 8. Ne3 g6 9. Nc3 d5 10. Qf3 c6 11. Ne2 Na6 12. c3 Nc7 13. Ng3 Re8 14. Qd1 Bf8 15. f4 c5 16. f5 cxd4 17. cxd4 Bg7 18. Qf3 Bd7 19. a4 b5 20. a5 b4 21. Nc2 b3 22. Nb4 Rb8 23. Bd2 Nb5 24. fxg6 fxg6 25. Nxd5 Nxd5 26. Qf7+ Kh8 27. Qxd5 Be6 28. Qxd8 Rexd8 29. Ne2 Nxd4 30. Nf4 Bf5 31. Bxf5 Nxf5 32. Bc1 Nd4 33. g3 Rbc8 34. Kg2 Rc2+ 35. Rf2 a6 36. Be3 Nf5 37. Re1 Nxe3+ 38. Rxe3 Rxf2+ 0-1

[Event "TUR-chT"]
[Site "Ankara"]
[Date "2018.07.29"]
[Round "6.5"]
[White "Demircioglu, Emre"]
[Black "Tuncer, Tuna"]
[Result "0-1"]
[WhiteElo "2244"]
[BlackElo "2328"]
[PlyCount "80"]
[EventDate "2018.07.25"]
[EventType "team-tourn"]
[EventRounds "13"]
[EventCountry "TUR"]
[SourceTitle "CBM 185 Extra"]
[Source "ChessBase"]
[SourceDate "2018.07.29"]
[SourceVersion "1"]
[SourceVersionDate "2018.07.29"]
[SourceQuality "1"]
[WhiteTeam "Tas Duvar"]
[BlackTeam "Besiktas Jimnastik"]
[WhiteTeamCountry "TUR"]
[BlackTeamCountry "TUR"]

1. d4 Nf6 2. c4 g6 3. Nc3 d5 4. Bg5 Bg7 5. Nf3 Ne4 6. Bh4 Nxc3 7. bxc3 dxc4 8. e3 b5 9. Be2 0-0 10. 0-0 c6 11. Qc2 a6 12. Ne5 f6 13. Nf3 Qe8 14. Nd2 Bf5 15. e4 Bc8 16. a4 e5 17. d5 Bb7 18. axb5 axb5 19. Rxa8 Bxa8 20. Qa2 Nd7 21. dxc6 Nc5 22. c7 Qc6 23. Qa5 Na6 24. Rb1 Nxc7 25. f3 Bh6 26. Nf1 Bb7 27. Bf2 Rc8 28. Qb4 Ba6 29. Rd1 Bf8 30. Qb2 Bc5 31. Ne3 Ne6 32. Bf1 Rd8 33. Nd5 Kf7 34. Bxc5 Qxc5+ 35. Kh1 Bb7 36. Qd2 Nf4 37. Qe1 Bxd5 38. Qh4 Kg7 39. exd5 Rxd5 40. Ra1 Rd7 0-1

[Event "TUR-chT"]
[Site "Ankara"]
[Date "2018.07.28"]
[Round "4.4"]
[White "Demircioglu, Emre"]
[Black "Keler, Faruk"]
[Result "1/2-1/2"]
[WhiteElo "2244"]
[BlackElo "2286"]
[PlyCount "94"]
[EventDate "2018.07.25"]
[EventType "team-tourn"]
[EventRounds "13"]
[EventCountry "TUR"]
[SourceTitle "CBM 185 Extra"]
[Source "ChessBase"]
[SourceDate "2018.07.29"]
[SourceVersion "1"]
[SourceVersionDate "2018.07.29"]
[SourceQuality "1"]
[WhiteTeam "Tas Duvar"]
[BlackTeam "Rota Koleji Dernegi"]
[WhiteTeamCountry "TUR"]
[BlackTeamCountry "TUR"]

1. d4 Nf6 2. c4 e6 3. Nf3 c5 4. e3 b6 5. Bd3 cxd4 6. exd4 Bb4+ 7. Nc3 Bxc3+ 8. bxc3 0-0 9. 0-0 d6 10. Bg5 Bb7 11. Nd2 h6 12. Bh4 Nbd7 13. Re1 Qc7 14. Bg3 Rfe8 15. Bf1 Qc6 16. a4 a5 17. h3 Rac8 18. Rb1 Ba6 19. Be2 Ra8 20. Bf3 d5 21. cxd5 exd5 22. Qb3 Rac8 23. Rxe8+ Rxe8 24. Nf1 Bd3 25. Rc1 Bc4 26. Qa3 Be2 27. Re1 Bxf3 28. Rxe8+ Nxe8 29. gxf3 Qe6 30. Kg2 g5 31. Qc1 f5 32. f4 Qe4+ 33. f3 Qe2+ 34. Bf2 g4 35. hxg4 fxg4 36. Qe3 gxf3+ 37. Qxf3 Qxf3+ 38. Kxf3 b5 39. axb5 Nd6 40. Ne3 Nb6 41. Bh4 a4 42. Be7 Nxb5 43. Bc5 Nc4 44. Nxd5 a3 45. Bxa3 Ncxa3 46. Ne7+ Kf7 47. Nf5 h5 1/2-1/2

[Event "EU-ch 19th"]
[Site "Batumi"]
[Date "2018.03.21"]
[Round "5"]
[White "Demircioglu, Emre"]
[Black "Vardanian, Hamazasp"]
[Result "0-1"]
[WhiteElo "2285"]
[BlackElo "2109"]
[PlyCount "54"]
[EventDate "2018.03.17"]
[EventType "swiss"]
[EventRounds "11"]
[EventCountry "GEO"]
[SourceTitle "CBM 184"]
[Source "ChessBase"]
[SourceDate "2018.05.16"]
[SourceVersion "1"]
[SourceVersionDate "2018.05.16"]
[SourceQuality "1"]

1. Nf3 f5 2. d4 Nf6 3. c4 g6 4. g3 Bg7 5. Bg2 d6 6. 0-0 0-0 7. Nc3 c6 8. Rb1 Qe8 9. d5 Na6 10. b4 Bd7 11. Qb3 e5 12. dxe6 Bxe6 13. Ng5 h6 14. Nxe6 Qxe6 15. Rd1 Ne4 16. Bxe4 fxe4 17. Rxd6 Qe5 18. c5+ Kh7 19. Bb2 Qf5 20. Nxe4 Qxe4 21. Bxg7 Kxg7 22. Rd7+ Kf6 23. Rbd1 Rab8 24. R1d6+ Kg5 25. Rg7 Kh5 26. h3 Rxf2 27. g4+ Kh4 0-1

[Event "TUR-chT"]
[Site "Kocaeli"]
[Date "2017.07.30"]
[Round "6.6"]
[White "Demircioglu, Emre"]
[Black "Sanal, Vahap"]
[Result "1/2-1/2"]
[WhiteElo "2265"]
[BlackElo "2533"]
[PlyCount "78"]
[EventDate "2017.07.26"]
[EventType "team-tourn"]
[EventRounds "13"]
[EventCountry "TUR"]
[SourceTitle "CBM 179 Extra"]
[Source "ChessBase"]
[SourceDate "2017.08.23"]
[SourceVersion "1"]
[SourceVersionDate "2017.08.23"]
[SourceQuality "1"]
[WhiteTeam "Istanbul Bogazici Univ"]
[BlackTeam "Istanbul Besiktas"]
[WhiteTeamCountry "TUR"]
[BlackTeamCountry "TUR"]

1. d4 Nf6 2. c4 e6 3. Nf3 b6 4. g3 Ba6 5. b3 Bb7 6. Bg2 Bb4+ 7. Bd2 c5 8. 0-0 0-0 9. Bc3 d6 10. Bb2 a6 11. Nc3 Ne4 12. Nxe4 Bxe4 13. e3 Nc6 14. Qe2 cxd4 15. Nxd4 Bxg2 16. Kxg2 Nxd4 17. Bxd4 Ba3 18. Bb2 Bxb2 19. Qxb2 b5 20. Rac1 Qb6 21. Rfd1 Rfd8 22. Rd4 Rac8 23. Qd2 h6 24. Kg1 Rc6 25. Rd1 bxc4 26. Rxc4 Rxc4 27. bxc4 Kf8 28. Qd3 Ke7 29. Rb1 Qc5 30. Rb7+ Rd7 31. Rb8 Rd8 32. Rb7+ Rd7 33. Rb8 g6 34. Qe4 Rc7 35. Qh4+ Qg5 36. Qd4 Qe5 37. Qh4+ Qg5 38. Qd4 Qe5 39. Qh4+ Qg5 1/2-1/2

[Event "Novi Sad Serbian op"]
[Site "Novi Sad"]
[Date "2016.11.13"]
[Round "9"]
[White "Demircioglu, Emre"]
[Black "Kokotovic, Aleksandar"]
[Result "1-0"]
[WhiteElo "2236"]
[BlackElo "2144"]
[PlyCount "121"]
[EventDate "2016.11.06"]
[EventType "swiss"]
[EventRounds "9"]
[EventCountry "SRB"]
[SourceTitle "CBM 175 Extra"]
[Source "ChessBase"]
[SourceDate "2016.12.12"]
[SourceVersion "1"]
[SourceVersionDate "2016.12.12"]
[SourceQuality "1"]

1. d4 d5 2. c4 c6 3. Nf3 Nf6 4. e3 Bf5 5. Nc3 e6 6. Be2 Nbd7 7. Nh4 Be4 8. f3 Bg6 9. Qb3 Qc7 10. Bd2 Be7 11. g3 0-0 12. cxd5 exd5 13. Rc1 Rac8 14. Nxg6 hxg6 15. e4 Qb6 16. Qxb6 Nxb6 17. e5 Nh7 18. f4 Rfe8 19. Bd3 Nf8 20. Ne2 Ne6 21. b4 Red8 22. h4 Nc4 23. Bc3 b6 24. h5 gxh5 25. Rxh5 g6 26. Rh3 c5 27. bxc5 bxc5 28. Kf2 Bf8 29. Rch1 Bg7 30. Rd1 Nb6 31. g4 c4 32. Bc2 Rc6 33. Rh2 Nf8 34. f5 f6 35. e6 Nc8 36. Bb4 Nxe6 37. fxe6 Rxe6 38. Bxg6 Ne7 39. Bxe7 Rxe7 40. Rhh1 a5 41. Nc3 Rb7 42. Rb1 Rb4 43. Bf5 Kf7 44. Rhe1 Rd6 45. Re2 Rxb1 46. Nxb1 Bh6 47. Nc3 Bg5 48. Rb2 a4 49. Nxa4 Ra6 50. Nc3 Rc6 51. a4 Ra6 52. Rb7+ Kf8 53. Ke2 Ra8 54. Kd1 Be3 55. Nxd5 Bxd4 56. Bd7 Be5 57. Nb6 Ra5 58. Bb5 c3 59. Nd7+ Kg8 60. Nxe5 fxe5 61. Kc2 1-0

[Event "Novi Sad Serbian op"]
[Site "Novi Sad"]
[Date "2016.11.12"]
[Round "8"]
[White "Sahin, Ozgun"]
[Black "Demircioglu, Emre"]
[Result "1/2-1/2"]
[WhiteElo "2146"]
[BlackElo "2236"]
[PlyCount "23"]
[EventDate "2016.11.06"]
[EventType "swiss"]
[EventRounds "9"]
[EventCountry "SRB"]
[SourceTitle "CBM 175 Extra"]
[Source "ChessBase"]
[SourceDate "2016.12.12"]
[SourceVersion "1"]
[SourceVersionDate "2016.12.12"]
[SourceQuality "1"]

1. e4 c5 2. c3 e6 3. d4 d5 4. exd5 exd5 5. Nf3 Nc6 6. Be2 Bd6 7. dxc5 Bxc5 8. 0-0 Nge7 9. Bg5 0-0 10. Nbd2 Qc7 11. Nb3 Bd6 12. h3 1/2-1/2

[Event "Novi Sad Serbian op"]
[Site "Novi Sad"]
[Date "2016.11.11"]
[Round "7"]
[White "Demircioglu, Emre"]
[Black "Savicevic, Vlatko"]
[Result "0-1"]
[WhiteElo "2236"]
[BlackElo "2350"]
[PlyCount "52"]
[EventDate "2016.11.06"]
[EventType "swiss"]
[EventRounds "9"]
[EventCountry "SRB"]
[SourceTitle "CBM 175 Extra"]
[Source "ChessBase"]
[SourceDate "2016.12.12"]
[SourceVersion "1"]
[SourceVersionDate "2016.12.12"]
[SourceQuality "1"]

1. Nf3 d5 2. g3 e6 3. Bg2 Nf6 4. 0-0 Be7 5. d4 b5 6. Ne5 0-0 7. Bf4 Bb7 8. Nd2 c5 9. c3 Nfd7 10. Nxd7 Nxd7 11. a4 cxd4 12. cxd4 Qb6 13. Nf3 bxa4 14. Qxa4 Bc6 15. Qa2 Bb5 16. b3 Nb8 17. Rfd1 Nc6 18. Bf1 Rfc8 19. Rac1 a6 20. e3 Qa5 21. Qb1 Bxf1 22. Rxf1 Qb5 23. Rc3 Ba3 24. Qc2 Bb4 25. Rc1 Bxc3 26. Qxc3 Ne7 0-1

[Event "Novi Sad Serbian op"]
[Site "Novi Sad"]
[Date "2016.11.06"]
[Round "1"]
[White "Demircioglu, Emre"]
[Black "Grcic, Goran"]
[Result "1-0"]
[WhiteElo "2236"]
[BlackElo "1678"]
[PlyCount "53"]
[EventDate "2016.11.06"]
[EventType "swiss"]
[EventRounds "9"]
[EventCountry "SRB"]
[SourceTitle "CBM 175 Extra"]
[Source "ChessBase"]
[SourceDate "2016.12.12"]
[SourceVersion "1"]
[SourceVersionDate "2016.12.12"]
[SourceQuality "1"]

1. Nf3 c6 2. c4 Nf6 3. d4 d5 4. Nc3 Bf5 5. e3 e6 6. Nh4 Be4 7. f3 Bg6 8. Qb3 Qc7 9. Bd2 Bd6 10. 0-0-0 dxc4 11. Bxc4 b5 12. Be2 Bxh2 13. Nxg6 hxg6 14. f4 Nbd7 15. Kb1 a6 16. Be1 Rh7 17. g4 c5 18. Bf3 Rc8 19. g5 cxd4 20. Rxd4 e5 21. Rd2 Bxf4 22. Rxh7 Nxh7 23. exf4 exf4 24. Bg4 f5 25. Qe6+ Kd8 26. Qg8+ Nhf8 27. Qxf8# 1-0

[Event "TUR-chT"]
[Site "Izmir"]
[Date "2016.08.05"]
[Round "13.2"]
[White "Demircioglu, Emre"]
[Black "Yilmaz, Mustafa"]
[Result "0-1"]
[WhiteElo "2206"]
[BlackElo "2622"]
[PlyCount "62"]
[EventDate "2016.07.25"]
[EventType "team-swiss"]
[EventRounds "13"]
[EventCountry "TUR"]
[SourceTitle "CBM 173 Extra"]
[Source "ChessBase"]
[SourceDate "2016.08.29"]
[SourceVersion "1"]
[SourceVersionDate "2016.08.29"]
[SourceQuality "1"]
[WhiteTeam "Bogazici Universitesi"]
[BlackTeam "Hatay Buyuksehir"]
[WhiteTeamCountry "TUR"]
[BlackTeamCountry "TUR"]

1. d4 Nf6 2. Nf3 c5 3. c3 d5 4. Bf4 Nc6 5. dxc5 e6 6. e3 Bxc5 7. Be2 0-0 8. Nbd2 h6 9. 0-0 Nh5 10. Nb3 Bb6 11. Nfd4 Nxf4 12. exf4 Qf6 13. Qd2 Rd8 14. Rad1 Bd7 15. Nf3 Rac8 16. Nbd4 Na5 17. Ne5 Ba4 18. b3 Be8 19. Ng4 Qe7 20. f5 h5 21. fxe6 hxg4 22. Bxg4 Rc7 23. Rfe1 Qf6 24. exf7+ Bxf7 25. Ne6 Bxe6 26. Bxe6+ Kf8 27. c4 Nc6 28. cxd5 Ba5 29. Qc2 Nd4 30. Qh7 Bxe1 31. Rxe1 Nxe6 0-1

[Event "TUR-chT"]
[Site "Izmir"]
[Date "2016.08.04"]
[Round "12.5"]
[White "Annaberdiyev, Babageldi"]
[Black "Demircioglu, Emre"]
[Result "0-1"]
[WhiteElo "2242"]
[BlackElo "2206"]
[PlyCount "108"]
[EventDate "2016.07.25"]
[EventType "team-swiss"]
[EventRounds "13"]
[EventCountry "TUR"]
[SourceTitle "CBM 173 Extra"]
[Source "ChessBase"]
[SourceDate "2016.08.29"]
[SourceVersion "1"]
[SourceVersionDate "2016.08.29"]
[SourceQuality "1"]
[WhiteTeam "Akdeniz Vida Metal"]
[BlackTeam "Bogazici Universitesi"]
[WhiteTeamCountry "TUR"]
[BlackTeamCountry "TUR"]

1. e4 c5 2. Nf3 Nc6 3. Bb5 g6 4. Bxc6 bxc6 5. 0-0 Bg7 6. d3 Nh6 7. h3 0-0 8. Nc3 d6 9. Re1 e5 10. a3 a5 11. Na4 f5 12. c3 Nf7 13. d4 fxe4 14. Rxe4 cxd4 15. cxd4 d5 16. Re1 e4 17. Nh2 Nd6 18. Be3 h5 19. Rc1 Nc4 20. Rxc4 dxc4 21. Qc2 Bf5 22. g4 hxg4 23. hxg4 Be6 24. Qxe4 Qe8 25. Rc1 Rb8 26. Nf1 Qf7 27. Qg2 Bd5 28. Qg3 Qf3 29. Qxf3 Rxf3 30. Nd2 Rh3 31. f3 Bxf3 32. Nxc4 Bd5 33. Nab6 Rh1+ 34. Kf2 Rxc1 35. Bxc1 Bxd4+ 36. Be3 Rf8+ 37. Ke2 Bf3+ 38. Kd3 Bxe3 39. Kxe3 Bxg4 40. Nxa5 Rf3+ 41. Kd4 Rf6 42. b4 g5 43. Nac4 Be2 44. Ne3 g4 45. a4 g3 46. a5 Rf4+ 47. Kc3 Rf2 48. Nc8 Kf8 49. Na7 Bf3 50. b5 cxb5 51. Nxb5 g2 52. Nxg2 Rxg2 53. a6 Ra2 54. a7 Bc6 0-1

[Event "TUR-chT"]
[Site "Izmir"]
[Date "2016.08.03"]
[Round "11.2"]
[White "Demircioglu, Emre"]
[Black "Matsenko, Sergei"]
[Result "1/2-1/2"]
[WhiteElo "2206"]
[BlackElo "2534"]
[PlyCount "102"]
[EventDate "2016.07.25"]
[EventType "team-swiss"]
[EventRounds "13"]
[EventCountry "TUR"]
[SourceTitle "CBM 173 Extra"]
[Source "ChessBase"]
[SourceDate "2016.08.29"]
[SourceVersion "1"]
[SourceVersionDate "2016.08.29"]
[SourceQuality "1"]
[WhiteTeam "Bogazici Universitesi"]
[BlackTeam "Istanbul Teknik Uni"]
[WhiteTeamCountry "TUR"]
[BlackTeamCountry "TUR"]

1. d4 Nf6 2. Nf3 e6 3. c4 d5 4. e3 Nbd7 5. b3 c5 6. Bd3 cxd4 7. exd4 Bb4+ 8. Bd2 Bxd2+ 9. Nbxd2 b6 10. 0-0 0-0 11. Re1 Bb7 12. Rc1 Rc8 13. Qc2 g6 14. Qb2 Qe7 15. h3 Rfd8 16. Re3 Qb4 17. Rc2 dxc4 18. bxc4 Qxb2 19. Rxb2 Nb8 20. Nb3 Kg7 21. Nfd2 Nc6 22. Nf3 Rc7 23. Bf1 Ne7 24. g4 h5 25. Ne5 hxg4 26. hxg4 Nc6 27. Nxc6 Bxc6 28. f3 Rcd7 29. Rd2 a5 30. Red3 a4 31. Nc1 b5 32. d5 exd5 33. cxb5 Bxb5 34. Rd4 Bxf1 35. Kxf1 a3 36. R4d3 Rb7 37. Nb3 Ra8 38. Rc2 Rb4 39. Rc5 Raa4 40. Ke2 g5 41. Rcc3 Kg6 42. Nd2 d4 43. Rxa3 Nd5 44. Rdb3 Rxa3 45. Rxa3 Rb2 46. Ra5 Nf4+ 47. Kd1 f6 48. Ne4 d3 49. Rf5 Rb1+ 50. Kd2 Rb2+ 51. Kd1 Rb1+ 1/2-1/2

[Event "TUR-chT"]
[Site "Izmir"]
[Date "2016.08.02"]
[Round "9.3"]
[White "Demircioglu, Emre"]
[Black "Eminov, Orkhan"]
[Result "0-1"]
[WhiteElo "2206"]
[BlackElo "2221"]
[PlyCount "104"]
[EventDate "2016.07.25"]
[EventType "team-swiss"]
[EventRounds "13"]
[EventCountry "TUR"]
[SourceTitle "CBM 173 Extra"]
[Source "ChessBase"]
[SourceDate "2016.08.29"]
[SourceVersion "1"]
[SourceVersionDate "2016.08.29"]
[SourceQuality "1"]
[WhiteTeam "Bogazici Universitesi"]
[BlackTeam "Onur Koleji Genc"]
[WhiteTeamCountry "TUR"]
[BlackTeamCountry "TUR"]

1. d4 Nf6 2. Nf3 g6 3. Bf4 Bg7 4. h3 c5 5. e3 0-0 6. c3 d5 7. Nbd2 Qb6 8. Qb3 Qd8 9. Be2 c4 10. Qd1 Bf5 11. b3 b5 12. a4 b4 13. Qc1 cxb3 14. cxb4 Bc2 15. Qb2 Nc6 16. Nxb3 Nxb4 17. Nc5 a5 18. Rc1 Bf5 19. g4 Bc8 20. Ne5 Ne4 21. f3 Nd6 22. Ncd3 Nxd3+ 23. Bxd3 Ba6 24. Bxa6 Rxa6 25. 0-0 f6 26. Nd3 Nc4 27. Qb5 Rb6 28. Qc5 e5 29. dxe5 fxe5 30. Bg5 Qxg5 31. Qxd5+ Kh8 32. Rxc4 Qxe3+ 33. Kg2 Rb3 34. Nf2 Qxf3+ 35. Qxf3 Rbxf3 36. Re4 Bh6 37. Ree1 Ra3 38. Ne4 Rxf1 39. Kxf1 Bf4 40. Nc5 Rxh3 41. Re4 Rc3 42. Nb7 h5 43. gxh5 gxh5 44. Nxa5 h4 45. Kg1 h3 46. Re1 h2+ 47. Kg2 e4 48. Nb7 Rg3+ 49. Kh1 e3 50. Nc5 Rf3 51. Ne4 e2 52. Nd2 Rf2 0-1

[Event "TUR-chT"]
[Site "Izmir"]
[Date "2016.07.29"]
[Round "5.2"]
[White "Mchedlishvili, Mikheil"]
[Black "Demircioglu, Emre"]
[Result "1/2-1/2"]
[WhiteElo "2604"]
[BlackElo "2206"]
[PlyCount "86"]
[EventDate "2016.07.25"]
[EventType "team-swiss"]
[EventRounds "13"]
[EventCountry "TUR"]
[SourceTitle "CBM 173 Extra"]
[Source "ChessBase"]
[SourceDate "2016.08.29"]
[SourceVersion "1"]
[SourceVersionDate "2016.08.29"]
[SourceQuality "1"]
[WhiteTeam "Tarsus Zeka"]
[BlackTeam "Bogazici Universitesi"]
[WhiteTeamCountry "TUR"]
[BlackTeamCountry "TUR"]

1. d4 d5 2. c4 c6 3. Nf3 Nf6 4. Nc3 e6 5. e3 Nbd7 6. Bd3 dxc4 7. Bxc4 b5 8. Bd3 b4 9. Ne4 Be7 10. Nxf6+ Nxf6 11. e4 Bb7 12. 0-0 0-0 13. Be3 c5 14. dxc5 Rc8 15. c6 Bxc6 16. Qb1 Qa5 17. e5 Ng4 18. Bxh7+ Kh8 19. Be4 Nxe5 20. Nd4 Bd5 21. Nb3 Qb5 22. Bxd5 Qxd5 23. Bxa7 Nc4 24. Bd4 e5 25. Be3 f5 26. Re1 Rc6 27. Rd1 Qe6 28. Bd2 Rd8 29. Be1 Rxd1 30. Qxd1 Nxb2 31. Qe2 Na4 32. Rc1 Rxc1 33. Nxc1 Nc3 34. Qc2 Nd5 35. Qc4 e4 36. Nb3 Nf4 37. Qxe6 Nxe6 38. Bd2 Kg8 39. Na5 Nd4 40. Kf1 Kf7 41. Be3 Bf6 42. Bd2 Be7 43. Be3 Bf6 1/2-1/2